| 000 | 00642nam a2200181 a 4500 | ||
|---|---|---|---|
| 005 | 20140310183552.0 | ||
| 008 | 111015s19uu xx 00 eng d | ||
| 020 | _a9781593634308 | ||
| 050 |
_aHQ 773.5 _b.P35 2011 |
||
| 245 |
_aParenting gifted children : _bthe authoritative guide from the National Association for Gifted Children / _cedited by Jennifer Jolly, Donald Treffinger, Tracy Ford Inman and Joan Franklin Smutny. |
||
| 260 |
_aTexas : _bPrufrock Press, _c2011. |
||
| 300 |
_a570 p. : _c24 cm. |
||
| 521 | _aEDU | ||
| 650 | _aGifted children | ||
| 650 | _aParents of gifted children | ||
| 942 |
_cBK _2lcc _kFOR |
||
| 999 |
_c24968 _d24968 |
||